Представление документа в формате MARC21

Поле Инд. ПП Название Значение
Тип записи a
Библиографический уровень b
001 Контрольный номер a4256e54dcc24211b002297cdb6d77d6
005 Дата корректировки 20240329121727.1
040 a Служба первич. каталог. РИНЦ
041 0_ a Код языка текста rus
097 a Костяева О.Г.
100 1_ a Автор Алексеева П. А.
100 1_ a Автор Гриневский А. С.
100 1_ a Автор Керусов И. Н.
100 1_ q Полное имя Ампилов Юрий Петрович
a Автор Ампилов Ю. П.
u Дополнение Ампилов Ю. П.
c Титул (звания) профессор (ученое звание); доктор физико-математических наук; профессор (должность);
i 000091060
k Кафедра общей и прикладной геофизики
245 10 a Заглавие Сопоставительный анализ различных спектральных методов при решении интерпретационных задач сейсморазведки
773 18 t Название источника Геофизика
c Москва
d Место и дата издания 2021
m Специф. данные входит в ядро РИНЦ; журнал из перечня ВАК; входит в базу данных RSCI; ненулевой импакт-фактор
o Прочие индексы РИНЦ 0,353
x ISSN 1681-4568
q ВАК 2020
g Прочая информация № 2. - С. 66 - 73
w Контрольный № источника 2dcfd40e4a2a480cb7214fa06e445b99
b Сведения об издании Евро-Азиатское геофизическое общество
856 40 u URL https://www.elibrary.ru/item.asp?id=46375147
901 t Тип документа b
952 c Вид литературы статья в журнале